| 000 | 00603nam a22001937a 4500 | ||
|---|---|---|---|
| 999 |
_c8316 _d8316 |
||
| 003 | AR-CdUCM | ||
| 008 | 190322b ||||| |||| 00| 0 spa d | ||
| 040 |
_aMUNICIPALIDAD PROVINCIAL DEL CUSCO _cBIBLIOTECA MUNICIPAL DEL CUSCO |
||
| 082 |
_a869.557 / _bG64 |
||
| 100 |
_aGonzález Prada, Manuel _9638 |
||
| 245 |
_aEl tonel de Diógenes : _bSeguido de Fragmentaria y Memoranda / |
||
| 260 |
_aMéxico : _bTezontle, _c1945. |
||
| 300 |
_a237 paginas ; _c22 cm. |
||
| 505 | _aContenido :Ensayos / | ||
| 650 |
_aEnsayos peruanos _9233 |
||
| 650 |
_aSiglo XIX _9971 |
||
| 942 |
_2ddc _cLIBROS |
||
| 945 | _arjall | ||